000
00298nam a2200121Ia 4500
005
20251222141949.0
008
251222s9999||||xx |||||||||||||| ||spa||
082
_a
REF.463/G22
100
_a
García Hoz, Víctor
245
0
_a
Diccionario Escolar Básico
264
_b
Quinto Centenario
942
_c
LIB
999
_c
9635
_d
9635